000 00229nam a2200097Ia 4500
001 796499
005 20250826170749.0
008 250824s9999 xx 000 0 und d
245 0 _aCEMİLE
_cORHAN KEMAL
260 _bEVEREST YAYINLARI
999 _c796499
_d796499